000 00440nam a22001697a 4500
003 MACL
005 20160116162250.0
008 160116b xxu||||| |||| 00| 0 eng d
040 _cMACL
041 _aEnglish
082 _a900/CHA
100 _aDr. Mrs.Thilagavathi,L.
_932978
245 _aWoman Her History and Her Struggle For Emancipation
260 _aChennai
_bBharathi Puthakalayam
650 _aHistory
_932979
942 _2ddc
_cBK
999 _c52690
_d52690